Engineering Matheematics / (Record no. 188763)
[ view plain ]
| 000 -LEADER | |
|---|---|
| fixed length control field | 00849 a2200205 4500 |
| 003 - CONTROL NUMBER IDENTIFIER | |
| control field | NUST |
| 005 - DATE AND TIME OF LATEST TRANSACTION | |
| control field | 20221122125752.0 |
| 020 ## - INTERNATIONAL STANDARD BOOK NUMBER | |
| International Standard Book Number | 8120326202 |
| 040 ## - CATALOGING SOURCE | |
| Transcribing agency | Nust |
| 082 ## - DEWEY DECIMAL CLASSIFICATION NUMBER | |
| Classification number | 519,SAS |
| 100 ## - MAIN ENTRY--PERSONAL NAME | |
| Personal name | Sastry, S.S. |
| 245 ## - TITLE STATEMENT | |
| Title | Engineering Matheematics / |
| Statement of responsibility, etc. | S.S.Sastry |
| 250 ## - EDITION STATEMENT | |
| Edition statement | Third Edition |
| Remainder of edition statement | Vol :2, |
| 260 ## - PUBLICATION, DISTRIBUTION, ETC. | |
| Place of publication, distribution, etc. | Prentice-Hall of india Private Limited |
| Name of publisher, distributor, etc. | New Delhi |
| Date of publication, distribution, etc. | 2004 |
| 300 ## - PHYSICAL DESCRIPTION | |
| Extent | xiv, 662 p.: |
| Other physical details | illus |
| Dimensions | 18 cm |
| 440 ## - SERIES STATEMENT/ADDED ENTRY--TITLE | |
| Volume/sequential designation | Volume-2 |
| 505 ## - FORMATTED CONTENTS NOTE | |
| Formatted contents note | Ordinary Differential Equations (Page-1), Laplace Transforms (Page-174), Fourier Series and Integrals (Page-215), Partial Differential Equations (Page-266), Vector and Tensor Analysis (Page-352), Functions of a Complex Variable (Page-439), Advanced Numerical Methods (Page-541), Nonlinear Optimization (Page-613). |
| 650 ## - SUBJECT ADDED ENTRY--TOPICAL TERM | |
| Topical term or geographic name entry element | Engineering Matheematic |
| 9 (RLIN) | 103342 |
| 942 ## - ADDED ENTRY ELEMENTS (KOHA) | |
| Source of classification or shelving scheme | |
| Koha item type | Book |
| Call number prefix | 519,SAS |
| Withdrawn status | Lost status | Source of classification or shelving scheme | Damaged status | Not for loan | Permanent Location | Current Location | Shelving location | Date acquired | Full call number | Barcode | Date last seen | Price effective from | Koha item type | Public note |
|---|---|---|---|---|---|---|---|---|---|---|---|---|---|---|
| Military College of Signals (MCS) | Military College of Signals (MCS) | General Stacks | 12/12/2016 | 519,SAS | MCS31154 | 12/08/2016 | 12/12/2016 | Book | Almirah No.14, Shelf No.2 |
